Nommez ces personnages féminins - Statistiques

Statistiques générales
  • Ce quiz a été pris 176 fois
  • Le résultat moyen est 7 sur 15
Statistiques - réponses
Par images Réponse % Correct
Edith Piaf
86%
Nina Simone
78%
Amy Winehouse
76%
Greta Thunberg
74%
Frida Kahlo
55%
Rosa Parks
55%
Romy Schneider
51%
Simone Weil
49%
Blanche Gardin
47%
Tina Turner
45%
Björk
27%
Angela Davis
23%
Olympe de Gouges
22%
Yayoi Kusama
5%
Rigoberta Menchu
2%
Aucun quiz correspondant
Distribution des résultats
% des personnes avec chaque résultat
Percentile par nombre de réponses
Votre historique - résultats
Vous n’avez pas pris ce quiz